| 000 | 00740cam a2200205 a 4500 | ||
|---|---|---|---|
| 020 | _a0256059233 (pbk.) | ||
| 082 | 0 | 0 |
_a005.7565 _bSMI _cMCEL02,P.151 |
| 100 | 1 |
_aSmith, David G. _936893 |
|
| 245 | 1 | 0 |
_aCases and applications in dBase III plus / _cDavid G. Smith. |
| 260 |
_aDELHI. : _bGlobal Publications, _c1988. |
||
| 300 |
_axiv, 258 p.: _bill. ; _c28 cm. |
||
| 500 | _aIncludes indexes. | ||
| 500 | _aOn t.p. the registered trademark symbol "TM" is superscript following "dBase III plus" in the title. | ||
| 526 |
_a0 _b0 _c0 _d005_756500000000000_SMI |
||
| 526 |
_a0 _b0 _c0 _d005_756500000000000_SMI |
||
| 526 |
_a0 _b0 _c0 _d005_756500000000000_SMI |
||
| 650 | 0 |
_aDatabase management. _918068 |
|
| 650 | 0 |
_aMCE _9379 |
|
| 942 |
_2ddc _cBK |
||
| 999 |
_c541844 _d541844 |
||